000 01015cab a2200265 4500
001 ABS59442
008 090401t1998 xxu||||| |||| 00| 0 eng d
035 _a(Sirsi) u89481
041 _aeng
245 _aRetail - a special report
260 _c1998
350 _a0
490 _aPlanning (for the Natural and Built Environment)
_v(1292) 30 October 1998, 13-19(6)
520 _aIncludes articles on how town centres need regular investment and sound action plans to compete with out-of-town schemes; how sequential testing still causes confusion; Tesco`s development plans; and how New Towns are taking a different approach to retailing.
650 _aCOMPETITION
650 _aNEW TOWNS
650 _aOUT-OF-TOWN RETAILING
650 _aPROPERTY-COMMERCIAL PROPERTY-RETAIL PROPERTY-RETAIL PROPERTY MARKET
650 _aSEQUENTIAL TESTING
650 _aTESCO
650 _aTOWN CENTRE DEVELOPMENT
690 _aPROPERTY-COMMERCIAL PROPERTY-RETAIL PROPERTY
942 _n0
948 _c04/11/1998
999 _c56618
_d56618